[Event "Opera Euro Rapid KO 2021"]
[Site "chess24.com INT"]
[Date "2021.02.14"]
[Round "3.23"]
[White "So, Wesley"]
[Black "Carlsen, Magnus"]
[Result "1/2-1/2"]
[WhiteTitle "GM"]
[BlackTitle "GM"]
[WhiteElo "2770"]
[BlackElo "2862"]
[WhiteFideId "5202213"]
[BlackFideId "1503014"]
[EventDate "2021.02.09"]

1. e4 e5 2. Nf3 Nc6 3. Bc4 Bc5 4. O-O Nf6 5. d3 d6 6. c3 a5 7. Re1 O-O 8. Nbd2
Ba7 9. Nf1 Be6 10. Bb5 Ne7 11. d4 c6 12. Bd3 Ng6 13. h3 Nh5 14. Be3 Nhf4 15. Bc2
Qc8 16. Bb3 exd4 17. Nxd4 Bxd4 18. Qxd4 Bxb3 19. axb3 d5 20. Qd2 Nxh3+ 21. gxh3
Qxh3 22. f4 Nh4 23. Nh2 dxe4 24. Qf2 Rfe8 25. Qf1 Qg3+ 26. Kh1 Nf5 27. Qg2 Qxg2+
28. Kxg2 Nxe3+ 29. Rxe3 f5 30. Nf1 Red8 31. Ree1 Kf7 32. Red1 Kf6 33. Rxd8 Rxd8
34. Rxa5 g5 35. fxg5+ Kxg5 36. Kf2 h5 37. Ne3 b5 38. Nf1 h4 39. Ra7 Rh8 40. Rf7
h3 41. Ng3 h2 42. Rxf5+ Kg4 43. Rf6 h1=N+ 44. Nxh1 Rxh1 45. Rxc6 Kf4 46. Rf6+
Ke5 47. Rf8 Rh2+ 48. Ke3 Rxb2 49. b4 Rh2 50. Re8+ Kd5 51. Rd8+ Ke5 52. Re8+ Kd5
53. Rd8+ Ke5 54. Re8+ 1/2-1/2